000 00509nam a2200217Ia 4500
003 0100
008 130227s9999 xx 000 0 und d
040 _cARRUPELIB
050 _aBL51.H627
100 _aHick, John
245 _aProblems of religious pluralism
260 _aLondon
260 _bMacmillan
260 _C1985
300 _a148p.
300 _b 23 cm
650 _bRevelation - Catholic Church
650 _cChristian life - Catholic authors
650 _dChurch
942 _2lcc
_03
999 _c4644
_d4644